Tell me where?

Bibliographic Details
Format: Book
Published: London : Chancellor Press , 2002
Subjects:

MARC

LEADER 00000cam a2200000 7i4500
001 0000069091
005 20170109.0
008 170109
020 |a 0753704463 
020 |a 9780753704462 
090 0 0 |a 507.2   |b TEL 
245 1 0 |a Tell me where? 
260 |a London :   |b Chancellor Press ,   |c 2002 
300 |a 207p. :   |b col.ill 
650 0 |a Answers and question 
999 |a 0000894974   |b Book   |c Adult Collection   |e Cawangan Mersing 
999 |a 0000935596   |b Book   |c REFERENCE   |e Cawangan Tangkak 
999 |a 0001045874   |b Book   |c Adult Collection   |e Cawangan Bandar Penawar 
999 |a 0001045877   |b Book   |c Adult Collection   |e Cawangan Mersing